Statistics for Serie A Footballer of the Year

Click here to take the quiz!

General Stats

  • This quiz has been taken 229 times
    (76 since last reset)
  • The average score is 22 of 28

Answer Stats

YearTeamCountryPlayer% Correct
2019JuventusPORCristiano Ronaldo
99%
2020JuventusPORCristiano Ronaldo
99%
2022AC MilanPORRafael Leão
99%
1998InterBRARonaldo
97%
2021InterBELRomelu Lukaku
96%
2023NapoliNGAVictor Osimhen
96%
2008InterSWEZlatan Ibrahimović
96%
2009InterSWEZlatan Ibrahimović
96%
2011AC MilanSWEZlatan Ibrahimović
96%
2004AC MilanBRAKaká
86%
2007AC MilanBRAKaká
86%
2012JuventusITAAndrea Pirlo
85%
2013JuventusITAAndrea Pirlo
85%
2014JuventusITAAndrea Pirlo
85%
2003RomaITAFrancesco Totti
85%
2000RomaITAFrancesco Totti
85%
2017JuventusITAGianluigi Buffon
85%
2016JuventusITALeonardo Bonucci
82%
2003JuventusCZEPavel Nedved
81%
2001JuventusFRAZinedine Zidane
78%
2010InterARGDiego Milito
70%
2002JuventusFRADavid Trezeguet
68%
2018InterARGMauro Icardi
68%
2006JuventusITAFabio Cannavaro
66%
2015JuventusARGCarlos Tevez
63%
1997SampdoriaITARoberto Mancini
45%
1999LazioITAChristian Vieri
37%
2005ParmaITAAlberto Gilardino
14%

Score Distribution

Percentile by Number Answered

Percent of People with Each Score

Your Score History

You have not taken this quiz since the last reset